[Event "Istanbul op 9th"]
[Site "Istanbul"]
[Date "2010.08.25"]
[Round "6"]
[White "Cakmak, Sarven"]
[Black "Ozturk, Kemal"]
[Result "0-1"]
[WhiteElo "1951"]
[BlackElo "1925"]
[PlyCount "46"]
[EventDate "2010.08.21"]
[EventType "swiss"]
[EventRounds "9"]
[EventCountry "TUR"]
[SourceTitle "CBM 138 Extra"]
[Source "ChessBase"]
[SourceDate "2010.10.29"]
[SourceVersion "1"]
[SourceVersionDate "2010.10.29"]
[SourceQuality "1"]

1. e4 c5 2. Nf3 g6 3. c3 Bg7 4. d4 cxd4 5. cxd4 d5 6. e5 Bg4 7. Be2 Nc6 8. h3 Bxf3 9. Bxf3 e6 10. Be3 Nge7 11. g4 Qb6 12. Qd2 f6 13. Be2 fxe5 14. dxe5 d4 15. Bf4 0-0 16. Na3 d3 17. Be3 Qc7 18. Qxd3 Rad8 19. Qc4 Qxe5 20. Rb1 Nd5 21. Nc2 Nf4 22. Bxf4 Rxf4 23. Qb5 Qe4 0-1